Bienvenido a nuestro catálago, Biblioteca Universidad Monteávila

Anatomía de la persuasión (Registro nro. 13245)

Detalles MARC
000 -CABECERA
campo de control de longitud fija 02264nam a2200253 4500
003 - IDENTIFICADOR DEL NÚMERO DE CONTROL
campo de control vecauma
005 - FECHA Y HORA DE LA ÚLTIMA TRANSACCIÓN
campo de control 20260312184533.0
007 - CAMPO FIJO DE DESCRIPCIÓN FÍSICA--INFORMACIÓN GENERAL
campo de control de longitud fija ta
008 - DATOS DE LONGITUD FIJA--INFORMACIÓN GENERAL
campo de control de longitud fija 260312b ve ||||| |||| 00| 0 spa d
020 ## - ISBN
Número Internacional Estándar del Libro 9701022939
040 ## - FUENTE DE LA CATALOGACIÓN
Centro catalogador/agencia de origen vecauma
Lengua de catalogación spa
Centro/agencia transcriptor vecauma
Centro/agencia modificador vecauma
Normas de descripción rda
041 ## - CÓDIGO DE LENGUA
Código de lengua del recurso spa
100 1# - AUTOR PERSONAL
Término indicativo de función/relación autor
245 1# - MENCIÓN DE TÍTULO
Título Anatomía de la persuasión
Mención de responsabilidad, etc. /Norbert Aubuchon
264 ## - PRODUCCIÓN, PUBLICACIÓN, DISTRIBUCIÓN, FABRICACIÓN Y COPYRIGHT
Producción, publicación, distribución, fabricación y copyright México;
Nombre del de productor, editor, distribuidor, fabricante McGRAW-HILL Interamericana editores;
Fecha de producción, publicación, distribución, fabricación o copyright 1999.
300 ## - DESCRIPCIÓN FÍSICA
Extensión 191 páginas.
336 ## - TIPO DE CONTENIDO
Término de tipo de contenido texto
Código de tipo de contenido txt
Fuente rdacontenido
337 ## - TIPO DE MEDIO
Nombre/término del tipo de medio no mediado
Código del tipo de medio n
Fuente rdamedio
338 ## - TIPO DE SOPORTE
Nombre/término del tipo de soporte volumen
Código del tipo de soporte nc
Fuente rdasoporte
505 0# - NOTA DE CONTENIDO CON FORMATO
Nota de contenido con formato Presentación y resumen /<br/>Creatividad/<br/>Dos principios de la comunicación /<br/>El proceso de compra /<br/>El proceso persuasivo: parte I<br/>Necesidades /<br/>El proceso persuasivo: parte II<br/>Control del proceso persuasivo /<br/>Características, funciones y beneficios /<br/>Establecimiento del objetivo /<br/>Utilización de las herramientas /<br/>Estudio de casos: cómo aumentar el personal durante una congelación de las contrataciones /<br/>Estudio de casos: cómo obtener financiamiento para el programa /<br/>Estudio de casos: cómo ser un científico de misiles /<br/>Elabore su propia propuesta /<br/>El contacto con situaciones reales /<br/>¿Puede descubrir los errores? /<br/>Cómo vender ideas a los altos directivos /<br/>The Anatomy of Persuasion (La Anatomía de la Persuasión) como herramienta administrativa /
520 3# - SUMARIO, ETC.
Sumario, etc. En el mundo de los negocios las habilidades de la comunicación son importantes, pero las de la persuasión son decisivas, pues distinguen a los que tienen éxito y de los que fracasan. En una forma lógica y sencilla, este libro ofrece un método práctico para llegar a ser un buen persuasor. <br/><br/>El persuasor cuenta con una gran ventaja pues sabe cómo influir en los otros y motivarlos para que acepten sus propuestas... compren sus productos... usen sus servicios... adopten sus políticas... lo contraten y lo promuevan. La lista de ventajas es interminable.<br/><br/>Además, este libro lo ayudará a utilizar de manera creativa los aspectos más generales de la persuasión en sus interacciones con la familia, con la sociedad, en las empresas y en otros contextos de su vida.<br/>
942 #1 - ELEMENTOS DE ENTRADA AGREGADA (KOHA)
Fuente del sistema de clasificación o colocación Library of Congress Classification
Ocultar en OPAC No
Tipo de ítem Koha Libros
Existencias
Estado de retiro Estado de pérdida Fuente del sistema de clasificación o colocación Estado dañado No para préstamo Código de colección Localización permanente Ubicación/localización actual Ubicación en estantería Fecha de adquisición Número de inventario Total de préstamos Código de barras Fecha visto por última vez Precio válido a partir de Tipo de ítem Koha
    Library of Congress Classification     Colección general Biblioteca Universidad Monteávila Biblioteca Universidad Monteávila Colección general 12/03/2026 49029   2026-0378 12/03/2026 12/03/2026 Libros

Copyright @ UMA Library
Universidad Monteávila Caracas, Venezuela

Edif. Sede principal Universidad Monteávila. Av. El Buen Pastor. Boleíta Norte. Caracas. 
Customized by Universidad Monteávila

Con tecnología Koha